Principios constitucionais e regras matrizes de incidencia do imposto sobre productos industrializados - IPI
Saved in:
| Hovedforfatter: | |
|---|---|
| Format: | Bog |
| Sprog: | portugisisk |
| Udgivet: |
Sao Paulo
NOESES
2016
|
| Udgivelse: | 1a. ed |
| Fag: | |
| Tags: |
Tilføj Tag
Ingen Tags, Vær først til at tagge denne postø!
|
MARC
| LEADER | 00000cam a2200000 a 4500 | ||
|---|---|---|---|
| 001 | UCD6306 | ||
| 003 | CL-VaPUC | ||
| 008 | 161201e20160000bl |||||||||||||||||por|d | ||
| 020 | |a 9788583100652 | ||
| 082 | 0 | 4 | |a 343.04 |b VAL |2 21 |
| 100 | 0 | |a Valle, Maurício Dalri Timm do |e author |9 590091 | |
| 245 | 1 | 0 | |a Principios constitucionais e regras matrizes de incidencia do imposto sobre productos industrializados - IPI |
| 250 | |a 1a. ed | ||
| 300 | |a 751 p | ||
| 942 | |c BK | ||
| 945 | |d 20161201 17:35:00 |a dcastane | ||
| 260 | |a Sao Paulo |b NOESES |c 2016 | ||
| 650 | 0 | |a Derecho tributario |9 258895 | |
| 583 | |a last modification |c 20161201 17:35:00 |k Rodrigo Vera | ||
| 999 | |c 366662 |d 366660 | ||
| 952 | |0 0 |1 0 |3 erd |4 0 |6 343_040000000000000_VAL_2016 |7 0 |8 A |9 481102 |a BIBDER |b BIBDER |i 5352673 |o 343.04 VAL 2016 |p 5352673 |r 2023-01-25 |w 2019-11-24 |y BK |z Catalogado en:20161201 |k DER | ||